<?xml version="1.0" encoding="UTF-8"?>
<record
    xmlns:xsi="http://www.w3.org/2001/XMLSchema-instance"
    xsi:schemaLocation="http://www.loc.gov/MARC21/slim http://www.loc.gov/standards/marcxml/schema/MARC21slim.xsd"
    xmlns="http://www.loc.gov/MARC21/slim">

  <leader>00566nam a22001811i 4500</leader>
  <controlfield tag="001">414</controlfield>
  <datafield tag="090" ind1=" " ind2=" ">
    <subfield code="a">414</subfield>
  </datafield>
  <datafield tag="100" ind1=" " ind2=" ">
    <subfield code="a">20170304u        u  u0frey50      ba</subfield>
  </datafield>
  <datafield tag="101" ind1="0" ind2=" ">
    <subfield code="a">por</subfield>
  </datafield>
  <datafield tag="200" ind1="1" ind2=" ">
    <subfield code="f">Anna Freud</subfield>
    <subfield code="a">Psican&#xE1;lise para pedagogos</subfield>
  </datafield>
  <datafield tag="215" ind1=" " ind2=" ">
    <subfield code="a">101, [7] p.</subfield>
    <subfield code="d">21 cm</subfield>
  </datafield>
  <datafield tag="702" ind1=" " ind2="1">
    <subfield code="a">Pignatelli</subfield>
    <subfield code="b">Lu&#xED;s</subfield>
    <subfield code="4">730</subfield>
  </datafield>
  <datafield tag="700" ind1=" " ind2="1">
    <subfield code="a">Freud</subfield>
    <subfield code="b">Anna</subfield>
    <subfield code="4">070</subfield>
  </datafield>
  <datafield tag="210" ind1=" " ind2=" ">
    <subfield code="c">Moraes</subfield>
    <subfield code="a">Lisboa</subfield>
    <subfield code="d">imp. 1974</subfield>
  </datafield>
  <datafield tag="225" ind1="2" ind2=" ">
    <subfield code="a">Psicologia e pedagogia</subfield>
  </datafield>
  <datafield tag="410" ind1=" " ind2="0">
    <subfield code="t">Psicologia e pedagogia</subfield>
  </datafield>
  <datafield tag="996" ind1=" " ind2=" ">
    <subfield code="f">0000461</subfield>
    <subfield code="k">FRE</subfield>
    <subfield code="m">00000000</subfield>
    <subfield code="n">00000000</subfield>
    <subfield code="a">BMVA</subfield>
    <subfield code="b">1</subfield>
    <subfield code="v">Viana do Alentejo</subfield>
    <subfield code="x">Educa&#xE7;&#xE3;o. Ensino. Pedagogia</subfield>
    <subfield code="y">21</subfield>
    <subfield code="e">Livro</subfield>
    <subfield code="1">0</subfield>
    <subfield code="3">1</subfield>
  </datafield>
  <datafield tag="990" ind1=" " ind2=" ">
    <subfield code="c">LIVROS</subfield>
  </datafield>
  <datafield tag="995" ind1=" " ind2=" ">
    <subfield code="0">0</subfield>
    <subfield code="1">0</subfield>
    <subfield code="9">491</subfield>
    <subfield code="b">BMVA</subfield>
    <subfield code="d">BMVA</subfield>
    <subfield code="f">0000464</subfield>
    <subfield code="k">159.9 FRE</subfield>
    <subfield code="o">0</subfield>
    <subfield code="r">LIVROS</subfield>
    <subfield code="u">Em dep&#xF3;sito Caixa 24 VNT</subfield>
  </datafield>
</record>
